000 01253cam a22003374a 4500
999 _c526941
_d526941
001 15659281
003 NUST
005 20190720082615.0
008 090313s2009 at a 001 0 eng
010 _a 2009285958
020 _a9781423902577
020 _a1423902572
038 _aArshad
040 _aDLC
_cDLC
_dDLC
050 0 0 _aQA76.64
_b.F37 2009
082 0 0 _a005.133
_bFAR
100 1 _aFarrell, Joyce.
_917948
245 1 0 _aObject-oriented programming using C++ /
_cJoyce Farrell.
250 _a4th ed.
260 _aNew Delhi :
_bCengage Learning,
_c2009.
300 _axxii, 794 p. :
_bill. ;
_c24 cm.
500 _aIncludes index.
650 0 _aObject-oriented programming (Computer science)
_93212
650 0 _aC (Computer program language)
_91226
856 4 2 _3Contributor biographical information
_uhttp://www.loc.gov/catdir/enhancements/fy1302/2009285958-b.html
856 4 2 _3Publisher description
_uhttp://www.loc.gov/catdir/enhancements/fy1302/2009285958-d.html
856 4 1 _3Table of contents only
_uhttp://www.loc.gov/catdir/enhancements/fy1302/2009285958-t.html
906 _a7
_bcbc
_corigcop
_d3
_encip
_f20
_gy-gencatlg
942 _2ddc
_cBK